Football players and teams that start with A - Statistics

General Stats
  • This quiz has been taken 11 times
  • The average score is 3 of 11
Answer Stats
Team Answer % Correct
Arsenal Aubameyang
64%
England Arsenal
45%
England Aston villa
36%
Spain Atletico madrid
36%
Tottenham Dele Alli
36%
Barcelona Arthur
27%
Italy Atlanta
18%
Arsenal Alexandre lacazette
9%
PSG Areola
9%
Barcelona Arturo vidal
9%
Spain Alavès
0%
No matching quizzes found
Score Distribution
Percent of People with Each Score
Percentile by Number Answered
Your Score History
You have not taken this quiz